Sociálna ekonomika
Salvato in:
| Autore principale: | |
|---|---|
| Ente Autore: | |
| Altri autori: | , , , , , , , , , , |
| Natura: | Libro |
| Lingua: | slovacco |
| Pubblicazione: |
Bratislava
Vydavateľstvo EKONÓM
2015
|
| Edizione: | 1. vyd. |
| Soggetti: | |
| Tags: |
Nessun Tag, puoi essere il primo ad aggiungerne!!
|
MARC
| LEADER | 00000nam a2200000 4500 | ||
|---|---|---|---|
| 001 | 0209777 | ||
| 005 | 20240502073505.9 | ||
| 020 | |a 978-80-225-4149-7 | ||
| 041 | 0 | |a slo | |
| 044 | |a SK | ||
| 245 | 1 | 0 | |a Sociálna ekonomika |c Eva Pongrácz a kol. ; recenzenti: Gabriela Korimová, Peter Sika |
| 250 | |a 1. vyd. | ||
| 264 | 1 | |a Bratislava |b Vydavateľstvo EKONÓM |c 2015 | |
| 300 | |a 185 s. [11,82 AH] | ||
| 610 | 2 | 0 | |a ekonomika sociálna |
| 610 | 2 | 0 | |a podmienky sociálne |
| 610 | 2 | 0 | |a dôsledky sociálne |
| 610 | 2 | 0 | |a chudoba |
| 610 | 2 | 0 | |a nezamestnanosť |
| 610 | 2 | 0 | |a problémy spoločenské |
| 610 | 2 | 0 | |a opatrenia |
| 610 | 2 | 0 | |a podnikanie sociálne |
| 610 | 2 | 0 | |a zodpovednosť spoločenská |
| 610 | 2 | 0 | |a dielne chránené |
| 610 | 2 | 0 | |a porovnanie medzinárodné |
| 610 | 2 | 0 | |a Európska únia |
| 100 | 1 | |a Pongráczová, Eva, 1971- | |
| 700 | 1 | |a Ledecká, Vladimíra | |
| 700 | 1 | |a Ledecký, Vladimír | |
| 700 | 1 | |a Nováková, Štefánia | |
| 700 | 1 | |a Smetanka, Michal | |
| 700 | 1 | |a Virágová, Jarmila | |
| 700 | 1 | |a Kostka, Joanna | |
| 700 | 1 | |a Hejduková, Hedviga | |
| 700 | 1 | |a Kores, Dolores | |
| 700 | 1 | |a Svetina, Peter | |
| 700 | 1 | |a Korimová, Gabriela | |
| 700 | 1 | |a Sika, Peter, 1975- | |
| 710 | 2 | |a Ekonomická univerzita v Bratislave. Národohospodárska fakulta | |